| 000 -LEADER |
| fixed length control field |
00643nam a2200193 4500 |
| 008 - FIXED-LENGTH DATA ELEMENTS--GENERAL INFORMATION |
| fixed length control field |
210201b ||||| |||| 00| 0 eng d |
| 020 ## - INTERNATIONAL STANDARD BOOK NUMBER |
| Terms of availability |
Rs.90.00 |
| 041 0# - LANGUAGE CODE |
| Language code of text/sound track or separate title |
hin |
| 082 00 - DEWEY DECIMAL CLASSIFICATION NUMBER |
| Classification number |
891.43 |
| Item number |
S962 |
| 245 10 - TITLE STATEMENT |
| Title |
Gujarati ki puraskrit kahaniyan / |
|
| Title |
गुजराती की पुरस्कार कहानियाँ / |
| 250 ## - EDITION STATEMENT |
| Edition statement |
1st ed. |
| 260 ## - PUBLICATION, DISTRIBUTION, ETC. (IMPRINT) |
| Place of publication, distribution, etc |
New Delhi: |
| Name of publisher, distributor, etc |
Arun Prakashan, |
| Date of publication, distribution, etc |
1994. |
| 300 ## - PHYSICAL DESCRIPTION |
| Extent |
146 p. |
| 365 ## - TRADE PRICE |
| Price amount |
INR 90.00 |
| 650 #0 - SUBJECT ADDED ENTRY--TOPICAL TERM |
| Topical term or geographic name as entry element |
Hindi fiction |
| 700 ## - ADDED ENTRY--PERSONAL NAME |
| 9 (RLIN) |
4588 |
| Personal name |
Surti, Abid |
| Relator term |
editor |
| 942 ## - ADDED ENTRY ELEMENTS (KOHA) |
| Source of classification or shelving scheme |
|
| Item type |
Books |